000 00451nam a2200193Ia 4500
003 OSt
005 20260105112134.0
008 210210b1973 xxu||||| |||| 00| 0 eng d
040 _cAL
041 _aeng
082 _a823.8 STEK
100 _aRobert Louis Stevenson
_9250099
245 _aKidnapped
260 _aLondon
_bWorld Distributors Ltd
_c1973
300 _a61p
690 _aEnglish Fiction
_9250100
906 _a030763
942 _2ddc
_cBK
999 _c81873
_d81873